LEADER 01404nam a2200337 a 4500 001 000000127808 003 CaOOAMICUS 005 20120228112141.0 008 120228s2010 vc u000 u ita r 020 $a978-88-209-8440-3 040 $aPUL$bita 041 1 $aita$hfre 082 04$a230.092 100 1 $aHonoré, Jean.$0(OLS)http://pul/name/18540 240 10$aAphorismes de Newman.$lItaliano.$0(OLS)http://pul/title/161504 245 14$aGli aforismi di Newman /$ccard. Jean Honoré. 260 $aCittà del Vaticano :$bLibreria editrice vaticana,$c2010. 300 $a230 p. ;$c21 cm. 504 $aBibliografia in nota. 600 04$aIohannes Henricus Newman,$cs.,$d1801-1890.$0(OLS)http://pul/subject/4993 850 $aPUL 852 $aPUL$W1$xSL Religione 3$y85$m230. 092 HONJE 1$j147879$qDDC 21$B146493$CPULBib$Z2$F146493 $H115427 $82 941 1 $a9 960 $aNewman, John Henry,$ccard.,$d1801-1890$94993 960 $aIoannes Henricus Newman,$cs.,$d1801-1890$94993 960 $aJohannes Henricus Newman,$cs.,$d1801-1890$94993 996 $6020$a978-88-209-8440-3$9(OLS)http://pul/number/149025 996 $6082$a230.092$9(OLS)http://pul/classification/553 996 $6245$aGli aforismi di Newman$9(OLS)http://pul/title/161505 996 $6260$aCittà del Vaticano :$bLibreria editrice vaticana$9(OLS)http://pul/publisher/47920 LEADER 01091naa a2200229 u 4500 001 000000103584 003 CaOOAMICUS 005 20070226130216.0 008 061120s1959 onc u000 u fre u 035 $a11107355 040 $aIAR$bita 100 1 $aSwie?awski, Stefan,$d1907-$0(OLS)http://pul/name/22388 245 10$aMatériaux servant aux recherches sur Jean de Glogów /$cStefan Swiezawski. 260 $aToronto :$bPontifical institute of medieval studies ;$aParis :$bLibrairie philosophique J. Vrin,$c1959. 300 $ap. 613-650 ;$c25 cm 500 $aIAR: CCI.470 600 04$aG?ogowczyk, Jan,$dm. 1507.$0(OLS)http://pul/subject/33050 773 0 $aMélanges offerts à Étienne Gilson. 773 0 $tMélanges offerts à Etienne Gilson de l'Académie Française$gHors Série$w()15457 996 $6245$aMatériaux servant aux recherches sur Jean de Glogów$9(OLS)http://pul/title/130489 996 $6260$aToronto :$bPontifical institute of medieval studies$9(OLS)http://pul/publisher/54715 996 $6260$aParis :$bLibrairie philosophique J. Vrin$9(OLS)http://pul/publisher/47887